000 00670nam a22002177a 4500
999 _c5597
_d5597
003 AR-CdUCM
008 190312b ||||| |||| 00| 0 spa d
040 _aMUNICIPALIDAD PROVINCIAL DEL CUSCO
_cBIBLIOTECA MUNICIPAL DEL CUSCO
082 _a869.50 /
_bC26
100 _aCarrillo, Francisco (selección)
_916741
245 _aPoesía y prosa quechua /
260 _aLima :
_bBiblioteca universitaria,
_c1967.
300 _a136 páginas ;
_c17 cm.
505 _aPoesía y prosa...
650 _aPoesía.
_9139
650 _aProsa.
_92210
650 _aPoesía quechua.
_911613
700 _aArguedas, Jose Maria (prologo)
_916742
942 _2ddc
_cLIBROS
945 _awfj